00948 a2200193 45000010006000000050017000060080041000230030015000640400040000790800022001192450078001412500012002192640080002313000024003115050361003350410008006961000018007047000032007225489620260407155824.0260407a1968 arg spa dAR-UNSa-BCEJYS aAR-UNSa-BCEJYSbspacAR-UNSa-BCEJYS a316xSociología10a¿Que es la sociología?pIntroducción a la ciencia y a la profesión a2a. ed. 1aMéxico :bUnión Tipográfica Editorial Hispano-Americana (UTEHA)c1968 axii, 262 p.c17 cm. aI. Objeto de la sociología - II. La perspectiva sociológica - III. Modelos de sociedades en el análisis sociológico - IV. Conceptos sobre el hombre en el análisis sociológico - V. Elementos básicos de la vida social - VI. Procesos sociales fundamentales - VII. Modos de investigación en sociología - VIII. La sociología como profesión aspa1 aInkeles, Alex1 aCirivi-Ventalló, Matías